000 00544nam a2200181Ia 4500
008 090124s9999 xx 000 0 und d
082 _b8753
_a2087
100 _aसाठे शं.गो. (शंकर गोविंद )
245 _a झुंज
250 _a1
260 _c1955
300 _a223
600 _aसाठे शं.गो. (शंकर गोविंद )
630 _a झुंज
700 _aसाठे शं.गो. (शंकर गोविंद )
730 _a झुंज
942 _cBOOK
999 _c122741
_d122741